Normal view
MARC view
- MICROSOFT INTERNET EXPLORER WORLD WIDE WEB-INFORMATION RETRIEVAL SYSTEM INTERNET EXPLORER
Entry Topical Term
001 - CONTROL NUMBER
- control field: 80181
003 - CONTROL NUMBER IDENTIFIER
- control field: NUST
005 - DATE AND TIME OF LATEST TRANSACTION
- control field: 20210628210619.0
008 - FIXED-LENGTH DATA ELEMENTS
- fixed length control field: 210628|| aca||aabn | a|a d
040 ## - CATALOGING SOURCE
- Original cataloging agency: NUST
- Transcribing agency: NUST
150 ## - HEADING--TOPICAL TERM
- Topical term or geographic name entry element: MICROSOFT INTERNET EXPLORER WORLD WIDE WEB-INFORMATION RETRIEVAL SYSTEM INTERNET EXPLORER
670 ## - SOURCE DATA FOUND
- Source citation: Work cat.: (NUST): Vonk, John.A Erickson, Fritz.J 77357, Microsoft iternet explorer and the world wide web, 1999
